书目信息 |
| 题名: |
中国民歌108首及演唱方法
|
|
| 作者: | 斯琴毕利格 编著 | |
| 分册: | ||
| 出版信息: | 石家庄 河北教育出版社 1991.3 |
|
| 页数: | 186页 | |
| 开本: | 20cm | |
| 丛书名: | ||
| 单 册: | ||
| 中图分类: | J642.2 | |
| 科图分类: | ||
| 主题词: | 音乐--作品--中国 | |
| 电子资源: | ||
| ISBN: | 7-5434-0898-8 | |
| 000 | 00581nam0 2200193 45 | |
| 001 | 0312221749 | |
| 005 | 20040512151527.2 | |
| 010 | @a7-5434-0898-8@dCNY2.15 | |
| 100 | @a20031222d1991 km y0chiy0120 ea | |
| 101 | @achi | |
| 105 | @a z 000yy | |
| 200 | 1 | @a中国民歌108首及演唱方法@AZhong Guo Min Ge 108 Shou Ji Yan Chang Fang Fa@f斯琴毕利格编著@FSi Qin Bi Li Ge Bian Zhu |
| 210 | @a石家庄@c河北教育出版社@d1991.3 | |
| 215 | @a186页@d20cm | |
| 606 | 0 | @a音乐@x作品@x中国 |
| 690 | @aJ642.2@v3 | |
| 701 | 0 | @a斯琴毕利格@4编著 |
| 801 | @aCN@bTSTCL@c20031222 | |
| 905 | @dJ642.2@e116 | |
| 中国民歌108首及演唱方法/斯琴毕利格编著.-石家庄:河北教育出版社,1991.3 |
| 186页;20cm |
| ISBN 7-5434-0898-8:CNY2.15 |
| ● |
| 相关链接 |
|
|
|
|
正题名:中国民歌108首及演唱方法
索取号:J642.2/116
 
预约/预借
| 序号 | 登录号 | 条形码 | 馆藏地/架位号 | 状态 | 备注 |
| 1 | 0250351 | 001202692 | 第一借阅区/ [索取号:J642.2/116] | 在馆 | |
| 2 | 0250352 | 001202727 | 第一借阅区/ [索取号:J642.2/116] | 在馆 | |
| 3 | 0250353 | 001202736 | 第一借阅区/ [索取号:J642.2/116] | 在馆 | |
| 4 | 0250354 | 001202718 | 第一借阅区/ [索取号:J642.2/116] | 在馆 | |
| 5 | 0250355 | 001202709 | 第一样本阅览室/ [索取号:J642.2/116] | 在馆 |